000 01409cam a22003737a 4500
003 CHAP
005 20220329142040.0
008 990427d1995 mx r 00010 spa d
010 _a77611
011 _a78583
035 _a88594
040 _cCHAP
090 _aFolleto 15127
100 0 0 _aMartínez Reyes, Héctor.
_972438
245 1 0 _aOrígenes y estado actual de la política pública como disciplina
_c/por Héctor Martínez Reyes
260 _aMéxico, D.F. :
_bCeentro de Investigación y Docencia Económicas. División de Administración Pública,
_c1995.
300 _a33 h. :
_bilus. ; cuadros
410 2 _aCIDE. División de Administración Pública
490 0 _aDocumento de trabajo
_v; 38
590 _aBATCH-UPD
_b10
_c20130110
_lUCH01
_h0539
590 _aBATCH-UPD
_b10
_c20130410
_lUCH01
_h0220
590 _aBATCH-UPD
_b10
_c20130914
_lUCH01
_h0932
590 _aBATCH-UPD
_b10
_c20161124
_lUCH01
_h1711
590 _aCONVERSION
_b10
_c20130109
_lUCH01
_h1343
650 1 4 _aCiencias políticas.
_923206
651 4 _aMéxico
_xPolítica y gobierno.
_976783
810 0 0 _aCIDE. División de Administración Pública
_923093
830 0 _aDocumento de trabajo
_v; 38
_933227
901 _aBK
905 _aGuadalupe Pinto C.
942 _cFOLL
949 _aFolleto 15127
_bBC
_cFOLL
_d885941
_eTS1
_i88594
_sb
949 _aFolleto 15127
_bBC
_cFOLL
_d885942
_eTS2
_fc.2
_gI. C/E
_i88594
_sb
_t$16.00
999 _c77611
_d77611